<?xml version="1.0" encoding="UTF-8"?>
<record
    xmlns:xsi="http://www.w3.org/2001/XMLSchema-instance"
    xsi:schemaLocation="http://www.loc.gov/MARC21/slim http://www.loc.gov/standards/marcxml/schema/MARC21slim.xsd"
    xmlns="http://www.loc.gov/MARC21/slim">

  <leader>00716nam a22001817a 4500</leader>
  <controlfield tag="003">NUST-PNEC</controlfield>
  <controlfield tag="005">20170116180709.0</controlfield>
  <controlfield tag="008">141001b        xxu||||| |||| 00| 0 eng d</controlfield>
  <datafield tag="040" ind1=" " ind2=" ">
    <subfield code="c">PNEC</subfield>
  </datafield>
  <datafield tag="082" ind1=" " ind2=" ">
    <subfield code="a">620.22 LOE</subfield>
  </datafield>
  <datafield tag="100" ind1=" " ind2=" ">
    <subfield code="9">459</subfield>
    <subfield code="a">Loeser, Harrison T.</subfield>
  </datafield>
  <datafield tag="245" ind1=" " ind2=" ">
    <subfield code="a">Fundamentals of ship acoustics : </subfield>
    <subfield code="b">acoustical phenomena in and around ship hulls</subfield>
    <subfield code="c">Harrison T. Loeser</subfield>
  </datafield>
  <datafield tag="260" ind1=" " ind2=" ">
    <subfield code="a">Jersey City :</subfield>
    <subfield code="b"> Society of Naval Architects and Marine Engineers,</subfield>
    <subfield code="c"> &#xA9;1999.</subfield>
  </datafield>
  <datafield tag="300" ind1=" " ind2=" ">
    <subfield code="a">x, 165 p. : </subfield>
    <subfield code="b"> ill. ;</subfield>
    <subfield code="c">28 cm.</subfield>
  </datafield>
  <datafield tag="500" ind1=" " ind2=" ">
    <subfield code="a">http://www.worldcat.org/title/fundamentals-of-ship-acoustics-acoustical-phenomena-in-and-around-ship-hulls/oclc/50546914&amp;referer=brief_results</subfield>
  </datafield>
  <datafield tag="650" ind1=" " ind2=" ">
    <subfield code="x">ME, MIS, Shipping</subfield>
  </datafield>
  <datafield tag="942" ind1=" " ind2=" ">
    <subfield code="2">ddc</subfield>
    <subfield code="c">BK</subfield>
  </datafield>
  <datafield tag="999" ind1=" " ind2=" ">
    <subfield code="c">60849</subfield>
    <subfield code="d">60849</subfield>
  </datafield>
  <datafield tag="952" ind1=" " ind2=" ">
    <subfield code="0">0</subfield>
    <subfield code="1">0</subfield>
    <subfield code="2">ddc</subfield>
    <subfield code="4">0</subfield>
    <subfield code="7">0</subfield>
    <subfield code="a">PNEC</subfield>
    <subfield code="b">PNEC</subfield>
    <subfield code="c">REF</subfield>
    <subfield code="d">2013-01-22</subfield>
    <subfield code="e">Progressive International</subfield>
    <subfield code="g">5627.50</subfield>
    <subfield code="l">0</subfield>
    <subfield code="o">620.22 LOE</subfield>
    <subfield code="p">PNECLIB-031159</subfield>
    <subfield code="r">2014-10-01</subfield>
    <subfield code="v">5627.50</subfield>
    <subfield code="w">2013-01-22</subfield>
    <subfield code="y">BK</subfield>
  </datafield>
</record>
